The new ourselves, growing older : women aging with knowledge and power /
| Main Author: | |
|---|---|
| Corporate Author: | |
| Other Authors: | |
| Format: | Book |
| Language: | English |
| Published: |
New York :
Simon & Schuster,
[1994]
|
| Subjects: | |
| Online Access: | Contributor biographical information Publisher description Sample text Table of contents only |
MARC
| Tag | First Indicator | Second Indicator | Subfields |
|---|---|---|---|
| LEADER | 00000cam a2200000 a 4500 | ||
| 001 | in00002132821 | ||
| 005 | 20151103070929.0 | ||
| 008 | 060517s1994 nyua b 001 0 eng | ||
| 010 | |a 93048494 | ||
| 015 | |a B9639633 | ||
| 016 | 7 | |a 9438875 |2 DNLM | |
| 019 | |a 59665080 | ||
| 020 | |a 0671872974 : |c $18.00 ($23.00 Can.) | ||
| 020 | |a 9780671872977 : |c $18.00 ($23.00 Can.) | ||
| 029 | 1 | |a NLM |b 9438875 | |
| 029 | 1 | |a NLGGC |b 113834438 | |
| 035 | |a (OCoLC)ocm29565399 | ||
| 040 | |a DLC |c DLC |d GZM |d VET |d MLX |d NLM |d BAKER |d NLGGC |d UKV3G |d BTCTA |d TXA |d UtOrBLW | ||
| 043 | |a n-us--- | ||
| 049 | |a TXAM | ||
| 050 | 0 | 0 | |a HQ1064.U5 |b D669 1994 |
| 060 | 0 | 0 | |a 1994 I-219 |
| 060 | 1 | 0 | |a WT 120 |b D695n 1994 |
| 082 | 0 | 0 | |a 305.4 |2 20 |
| 084 | |a 71.21 |2 bcl | ||
| 100 | 1 | |a Doress-Worters, Paula B. |q (Paula Brown) | |
| 245 | 1 | 4 | |a The new ourselves, growing older : |b women aging with knowledge and power / |c Paula B. Doress-Worters and Diana Laskin Siegal, in cooperation with the Boston Women's Health Book Collective ; illustrations by Roselaine Perkis. |
| 264 | 1 | |a New York : |b Simon & Schuster, |c [1994] | |
| 264 | 4 | |c ©1994 | |
| 300 | |a xxvi, 531 pages : |b illustrations ; |c 28 cm. | ||
| 336 | |a text |b txt |2 rdacontent | ||
| 337 | |a unmediated |b n |2 rdamedia | ||
| 338 | |a volume |b nc |2 rdacarrier | ||
| 500 | |a Revised edition of: Ourselves, growing older. c1987. | ||
| 500 | |a "A Touchstone book." | ||
| 504 | |a Includes bibliographical references and index. | ||
| 505 | 2 | |a The potential of the second half of life -- Aging well -- Living with ourselves and others as we age -- Understanding, preventing, and managing medical problems -- Resources. | |
| 650 | 0 | |a Older women |z United States |x Psychology. | |
| 650 | 0 | |a Older women |x Health and hygiene |z United States. | |
| 650 | 1 | 2 | |a Hygiene. |
| 650 | 1 | 2 | |a Women's Health. |
| 650 | 2 | 2 | |a Aged |x psychology. |
| 650 | 2 | 2 | |a Aged. |
| 650 | 2 | 2 | |a Women |x psychology. |
| 700 | 1 | |a Siegal, Diana Laskin. | |
| 700 | 1 | |a Doress-Worters, Paula B. |q (Paula Brown). |t Ourselves growing older. | |
| 710 | 2 | |a Boston Women's Health Book Collective. | |
| 856 | 4 | 2 | |3 Contributor biographical information |u http://www.loc.gov/catdir/bios/simon051/93048494.html |t 0 |
| 856 | 4 | 2 | |3 Publisher description |u http://www.loc.gov/catdir/description/simon033/93048494.html |t 0 |
| 856 | 4 | 1 | |3 Sample text |u http://www.loc.gov/catdir/enhancements/fy0645/93048494-s.html |t 0 |
| 856 | 4 | 1 | |3 Table of contents only |u http://www.loc.gov/catdir/enhancements/fy0645/93048494-t.html |t 0 |
| 938 | |a Baker & Taylor |b BKTY |c 20.00 |d 15.00 |i 0671872974 |n 0002375880 |s active | ||
| 938 | |a Baker and Taylor |b BTCP |n 93048494 |c $18.00 ($23.00 Can.) | ||
| 994 | |a C0 |b TXA | ||
| 948 | |a cataloged |b h |c 2007/1/31 |d c |e jlanham |f 10:16:07 am | ||
| 999 | |a MARS | ||
| 999 | f | f | |s 93fa4745-7eea-3437-93fa-de5acd666ee3 |i 7183f34e-08ce-3b95-b721-a7fdd400d83b |t 0 |
| 952 | f | f | |a Texas A&M University |b College Station |c Sterling C. Evans Library |d Evans: Library Stacks |t 0 |e HQ1064.U5 D669 1994 |h Library of Congress classification |
| 998 | f | f | |a HQ1064.U5 D669 1994 |t 0 |l Evans: Library Stacks |